Les 10 plus grandes villes d'Islande - Statistiques

Statistiques générales
  • Ce quiz a été pris 68 fois
  • Le résultat moyen est 2 sur 10
Statistiques - réponses
Population Ville % Correct
136 894 Reykjavík
100%
19 812 Akureyri
44%
11 565 Selfoss
24%
39 335 Kópavogur
17%
8 071 Akranes
13%
21 957 Reykjanesbær
7%
19 088 Garðabær
6%
30 616 Hafnarfjörður
6%
13 403 Mosfellsbær
4%
5 177 Múlaþing
0%
Aucun quiz correspondant
Distribution des résultats
% des personnes avec chaque résultat
Percentile par nombre de réponses
Votre historique - résultats
Vous n’avez pas pris ce quiz